[Event "European Blitz 2016"]
[Site "Tallinn EST"]
[Date "2016.12.17"]
[Round "3.23"]
[White "Szakolczai, Peter"]
[Black "Naiditsch, Arkadij"]
[Result "0-1"]
[WhiteTitle "FM"]
[BlackTitle "GM"]
[WhiteElo "2240"]
[BlackElo "2687"]
[WhiteFideId "705624"]
[BlackFideId "4650891"]
[EventDate "2016.12.17"]

1. e4 c5 2. Nf3 Nc6 3. Bc4 e6 4. Qe2 Nge7 5. Bb3 g6 6. c3 Bg7 7. O-O O-O 8. d3
d5 9. e5 b5 10. Bg5 a5 11. a4 c4 12. Bc2 b4 13. dxc4 Ba6 14. Rd1 Qc7 15. Bf6
Bxc4 16. Qe3 b3 17. Bd3 Bxd3 18. Rxd3 Bxf6 19. exf6 Nf5 20. Qg5 h6 21. Qg4 Ne5
22. Qf4 Nxf3+ 23. Qxf3 Qe5 24. Nd2 Rab8 25. h3 Qxf6 26. Re1 Qg5 27. Qe2 Nh4 28.
Rg3 Qf6 29. Nf3 Nxf3+ 30. Rxf3 Qg5 31. Qd3 Rfc8 32. Rg3 Qf6 33. Ree3 Rc4 34. Qd2
Rxa4 35. Ref3 Qg7 36. Qe3 e5 37. Qa7 Rf8 38. Qd7 Ra1+ 39. Kh2 Rd1 40. Qc7 a4 41.
Qa7 d4 42. Qxa4 e4 43. Rf4 dxc3 44. Rxc3 Rd4 45. Qxb3 Qe5 46. g3 Rd2 47. Kg2 g5
48. Rg4 h5 49. Rc6 hxg4 50. Qb4 gxh3+ 51. Kxh3 Qf5+ 52. g4 Qf3+ 0-1

[Event "European Blitz 2016"]
[Site "Tallinn EST"]
[Date "2016.12.17"]
[Round "3.24"]
[White "Kanep, Siim"]
[Black "Kobalia, Mikhail"]
[Result "0-1"]
[BlackTitle "GM"]
[WhiteElo "2173"]
[BlackElo "2628"]
[WhiteFideId "4501691"]
[BlackFideId "4119150"]
[EventDate "2016.12.17"]

1. d4 f5 2. g3 Nf6 3. Bg2 g6 4. Nf3 Bg7 5. O-O O-O 6. c4 d6 7. Nc3 Nc6 8. d5 Ne5
9. Nd2 c5 10. Qc2 a6 11. a4 Qe8 12. b3 g5 13. Bb2 Qh5 14. Nf3 Nfg4 15. h3 Nxf3+
16. exf3 Ne5 17. Qe2 g4 18. f4 Nf3+ 19. Kh1 Rf6 20. h4 Rh6 21. Bxf3 gxf3 22.
Qxe7 Bf6 23. Qxd6 Bxh4 0-1

[Event "European Blitz 2016"]
[Site "Tallinn EST"]
[Date "2016.12.17"]
[Round "3.25"]
[White "Pavlidis, Antonios"]
[Black "Pultinevicius, Paulius"]
[Result "1-0"]
[WhiteTitle "GM"]
[WhiteElo "2532"]
[BlackElo "2417"]
[WhiteFideId "4212312"]
[BlackFideId "12809390"]
[EventDate "2016.12.17"]

1. e4 c5 2. Nf3 d6 3. Bb5+ Nd7 4. O-O a6 5. Bd3 Ngf6 6. Re1 b5 7. c4 g5 8. Nxg5
Ne5 9. Bf1 h6 10. Nf3 Bg4 11. Be2 Bxf3 12. Bxf3 bxc4 13. Be2 e6 14. Na3 Nxe4 15.
Qa4+ Qd7 16. Qxd7+ Kxd7 17. Nxc4 Nxc4 18. Bxc4 d5 19. Bf1 Bg7 20. d3 Nd6 21. Rb1
Rhb8 22. b3 a5 23. Be3 Rc8 24. Rec1 d4 25. Bd2 Nb5 26. Rc4 Na3 27. Rbc1 Nxc4 28.
Rxc4 Be5 29. Ra4 Ra6 30. g3 Rb8 31. Bg2 Bc7 32. Kf1 f5 33. h4 Rh8 34. Bf3 e5 35.
Bd5 Re8 36. Bc4 Rb6 37. Bxa5 Rb7 38. Bd2 e4 39. Bxh6 e3 40. Ra6 Rb6 41. Rxb6
Bxb6 42. Bb5+ Ke7 43. Bxe8 Kxe8 44. fxe3 dxe3 45. Bxe3 Bc7 46. Kg2 Bd6 47. Bf4
Bf8 48. Kf3 Kd7 49. Be5 Ke6 50. Bc3 Bh6 51. h5 Kd5 52. Bf6 Ke6 53. Bb2 Kd5 54.
Bc3 Ke6 55. g4 fxg4+ 56. Kxg4 Be3 57. Bg7 Kf7 58. h6 Kg6 59. Kf3 1-0

[Event "European Blitz 2016"]
[Site "Tallinn EST"]
[Date "2016.12.17"]
[Round "3.26"]
[White "Fernandez Gil, Marco Antonio"]
[Black "Dzhumagaliev, Yan"]
[Result "1/2-1/2"]
[BlackTitle "FM"]
[WhiteElo "2215"]
[BlackElo "2400"]
[WhiteFideId "2252090"]
[BlackFideId "24100110"]
[EventDate "2016.12.17"]

1. e4 c5 2. g3 Nc6 3. Bg2 h5 4. h3 d6 5. Ne2 e5 6. c3 Nge7 7. d4 cxd4 8. cxd4
exd4 9. Nxd4 Nxd4 10. Qxd4 Nc6 11. Qd1 h4 12. g4 Be7 13. O-O O-O 14. Nc3 Bf6 15.
Nd5 Bd4 16. Kh1 Be6 17. Rb1 a5 18. Bf4 Bc5 19. Qd2 f6 20. a3 a4 21. Rfd1 Ne5 22.
Rbc1 b5 23. Qe2 Nc4 24. Ne3 Rb8 25. Nf5 Bxf5 26. exf5 Qe8 27. Bd5+ Kh8 28. Be6
g5 29. Bh2 Qc6+ 30. Bd5 Qb6 31. f3 Bd4 32. Bxc4 bxc4 33. Rxc4 Be5 34. Bxe5 dxe5
35. Rd2 Rbd8 36. Rdc2 Qb3 37. Kg2 Rd7 38. Rc8 Rfd8 39. Rxd8+ Rxd8 40. Qf2 Qd3
41. Qc5 e4 42. Qc3 exf3+ 43. Kf2 Qd6 44. Qxf3 Qh2+ 45. Qg2 Qf4+ 46. Qf3 Qd4+ 47.
Qe3 Qd1 48. Re2 Qh1 49. Qf3 Qh2+ 50. Qg2 Qf4+ 51. Qf3 Qd4+ 52. Qe3 Qd6 53. Kg2
Qd5+ 54. Qf3 Qd6 55. Qc3 Kh7 56. Qe3 Kh6 57. Qc3 Qd5+ 58. Qf3 Qd4 59. Qe3 Qd5+
60. Qf3 Qd6 61. Qc3 Rb8 62. Qf3 Rb3 63. Qa8 Qg3+ 64. Kf1 Rf3+ 1/2-1/2

[Event "European Blitz 2016"]
[Site "Tallinn EST"]
[Date "2016.12.17"]
[Round "3.27"]
[White "Zakhartsov, Vladimir"]
[Black "Kahleys, Kevin"]
[Result "1-0"]
[WhiteTitle "IM"]
[WhiteElo "2453"]
[BlackElo "2213"]
[WhiteFideId "4145097"]
[BlackFideId "24669601"]
[EventDate "2016.12.17"]

1. e4 e6 2. d4 d5 3. Nd2 Nf6 4. Bd3 c5 5. e5 Nfd7 6. c3 Nc6 7. Ne2 Qb6 8. Nf3
cxd4 9. cxd4 f6 10. exf6 Nxf6 11. O-O Bd6 12. Bf4 Qc7 13. Qd2 O-O 14. Bxd6 Qxd6
15. Bb5 a6 16. Bxc6 bxc6 17. Rac1 Ne4 18. Qe3 Bd7 19. Nc3 c5 20. Nxe4 dxe4 21.
dxc5 Qd3 22. Ne5 Qxe3 23. fxe3 Bb5 24. Rxf8+ Rxf8 25. c6 Rc8 26. b3 Rc7 27. a4
Bd3 28. b4 Kf8 29. Nxd3 exd3 30. b5 axb5 31. axb5 Ke7 32. Rd1 Ra7 33. b6 Ra2 34.
b7 1-0

[Event "European Blitz 2016"]
[Site "Tallinn EST"]
[Date "2016.12.17"]
[Round "3.28"]
[White "Malyshev, Roman"]
[Black "Fridman, Daniel"]
[Result "1/2-1/2"]
[BlackTitle "GM"]
[WhiteElo "2159"]
[BlackElo "2596"]
[WhiteFideId "24105325"]
[BlackFideId "11600454"]
[EventDate "2016.12.17"]

1. d4 Nf6 2. Nf3 e6 3. c4 d5 4. Nc3 c6 5. e3 a6 6. a4 c5 7. cxd5 exd5 8. Bd3 Nc6
9. O-O Bg4 10. dxc5 Bxc5 11. Be2 O-O 12. Nd4 Bd7 13. Bf3 Nb4 14. b3 Rc8 15. Bb2
Bxd4 16. exd4 Bf5 17. Qd2 Re8 18. Rfe1 Rxe1+ 19. Rxe1 Nd3 20. Re3 Nxb2 21. Qxb2
Qb6 22. Ne2 Rc2 23. Qa1 h6 24. h3 Be4 25. Qd1 Qc7 26. g3 Bxf3 27. Rxf3 Ne4 28.
Kg2 Rd2 29. Qe1 Qc2 30. Nf4 Rxd4 31. Re3 Rd2 32. Rf3 g6 33. Qe3 d4 34. Qe1 Rd1
35. Qa5 Qc8 36. Nd5 Qd7 37. Nf6+ Nxf6 38. Rxf6 Rc1 39. Qe5 Rc8 40. Rd6 Qc7 41.
Qxd4 Re8 42. Qd5 Re7 43. Rxg6+ Kh7 44. Rd6 Kg7 45. Qd4+ Kh7 46. Qd3+ Kg7 47.
Qd4+ Kh7 48. Qd3+ Kg7 49. Qd4+ Kh7 1/2-1/2

[Event "European Blitz 2016"]
[Site "Tallinn EST"]
[Date "2016.12.17"]
[Round "3.29"]
[White "Turov, Maxim"]
[Black "Berzina, Ilze"]
[Result "1-0"]
[WhiteTitle "GM"]
[BlackTitle "WGM"]
[WhiteElo "2594"]
[BlackElo "2323"]
[WhiteFideId "4120086"]
[BlackFideId "11601345"]
[EventDate "2016.12.17"]

1. d4 d5 2. c4 c6 3. Nc3 Nf6 4. e3 Bf5 5. cxd5 cxd5 6. Qb3 Bc8 7. Nf3 e6 8. Bd3
Bd6 9. Ne5 O-O 10. f4 b6 11. Qa4 Bb7 12. O-O Ne4 13. Nxe4 dxe4 14. Be2 Bxe5 15.
dxe5 Nd7 16. b4 a6 17. Rd1 b5 18. Qb3 Bd5 19. Rxd5 exd5 20. Qxd5 Nb6 21. Qxe4
Rc8 22. Bd3 g6 23. Bb2 Nc4 24. Bd4 Re8 25. h3 Qh4 26. Kh2 Qf2 27. Rf1 Qh4 28.
Qb7 Nd2 29. Rd1 Qf2 30. e6 f6 31. Qf7+ 1-0

[Event "European Blitz 2016"]
[Site "Tallinn EST"]
[Date "2016.12.17"]
[Round "3.30"]
[White "Petrov, Dmitri"]
[Black "Jankovic, Alojzije"]
[Result "0-1"]
[BlackTitle "GM"]
[WhiteElo "2204"]
[BlackElo "2591"]
[WhiteFideId "4503279"]
[BlackFideId "14505959"]
[EventDate "2016.12.17"]

1. e4 c5 2. Nf3 Nc6 3. Bb5 e6 4. Bxc6 bxc6 5. Qe2 Ne7 6. e5 Nf5 7. d3 f6 8. Nc3
Nd4 9. Nxd4 cxd4 10. Ne4 Qa5+ 11. Bd2 Qxe5 12. O-O Be7 13. f4 Qd5 14. Rf3 c5 15.
Rg3 g6 16. a3 Bb7 17. b4 c4 18. Re1 cxd3 19. cxd3 f5 20. Ng5 h6 21. Nf3 Rg8 22.
Qe5 Qxe5 23. Rxe5 Bf6 24. Ra5 d6 25. Rh3 Bg7 26. Be1 Kf7 27. Bf2 Bxf3 28. Rxf3
Rgc8 29. h3 Rc1+ 30. Kh2 Rc2 31. Ra6 Ke7 32. h4 Bf6 33. Kh3 Kd7 34. g4 h5 35.
gxh5 gxh5 36. Bg1 Rc6 37. Ra5 a6 38. Rg3 Rac8 39. Rg6 Ke7 40. Rh6 Rh8 41. Rxh8
Bxh8 42. b5 axb5 43. Rxb5 Rc3 44. Rb7+ Kd8 45. Rb8+ Rc8 46. Rb7 Bf6 47. a4 Rc3
48. Rf7 Rxd3+ 49. Kg2 Bxh4 50. a5 Ra3 51. Bxd4 Ke8 52. Ra7 Bg3 53. a6 Bxf4 54.
Ra8+ Kd7 55. a7 e5 56. Bf2 Kc6 57. Rc8+ Kb7 58. Rd8 e4 59. Rd7+ Ka8 60. Rd8+ Kb7
61. Rd7+ Kc6 62. Rd8 e3 63. a8=Q+ Rxa8 64. Rxa8 exf2 65. Kxf2 h4 66. Kf3 Bg3 67.
Ra6+ Kd5 68. Ra5+ Ke6 69. Ra4 d5 70. Rb4 Ke5 71. Ra4 f4 72. Rb4 h3 73. Ra4 h2
74. Ra1 d4 75. Rd1 d3 76. Kg2 Ke4 77. Rd2 Ke3 0-1

[Event "European Blitz 2016"]
[Site "Tallinn EST"]
[Date "2016.12.17"]
[Round "3.31"]
[White "Molchanova, Tatjana"]
[Black "Grandelius, Nils"]
[Result "0-1"]
[WhiteTitle "WGM"]
[BlackTitle "GM"]
[WhiteElo "2245"]
[BlackElo "2643"]
[WhiteFideId "4132203"]
[BlackFideId "1710400"]
[EventDate "2016.12.17"]

1. e4 c5 2. Nf3 d6 3. d4 cxd4 4. Nxd4 Nf6 5. f3 Nc6 6. c4 e6 7. Nc3 Be7 8. Be2
O-O 9. Be3 d5 10. Nxc6 bxc6 11. cxd5 cxd5 12. exd5 Nxd5 13. Nxd5 exd5 14. O-O
Be6 15. Bd4 Bf6 16. Qd2 Bxd4+ 17. Qxd4 Qa5 18. a4 Rab8 19. f4 Rb4 20. Qf2 Rxb2
21. f5 Bxf5 22. Qxf5 Rxe2 23. Rad1 Qxa4 24. Rxd5 g6 25. Qf3 Re7 26. Qf6 Qe4 27.
Ra5 Rc8 28. Ra2 Rc6 29. Qf2 a6 30. Rb2 Qe5 31. Ra2 Kg7 32. h4 h5 33. Kh1 Qe4 34.
Qb2+ Kh7 35. Qf2 Rc4 36. Kg1 Qxh4 37. Qxh4 Rxh4 38. Rxa6 Kg7 39. Ra2 Rhe4 40.
Kh2 Re2 41. Ra6 R2e6 42. Ra2 Rf6 43. Rd1 Re4 44. Rd7 Rh4+ 45. Kg1 Rg4 46. Kh2
Rf5 47. Rb2 Rgf4 48. Ra2 Rf2 49. Ra3 Rg5 50. Rg3 Rxg3 51. Kxg3 Rf5 52. Kh2 Ra5
53. Kg3 Ra6 54. Kh2 Ra3 55. Kg1 g5 56. Kh2 Kg6 57. Rd6+ f6 58. Rb6 h4 59. Kg1
Ra5 60. Kh2 Ra2 61. Kh3 Ra3+ 62. Kh2 Kf5 63. Rc6 g4 64. Rc5+ Kg6 65. Rc1 Ra2 66.
Kg1 Kg5 67. Rb1 f5 68. Rc1 Re2 0-1

[Event "European Blitz 2016"]
[Site "Tallinn EST"]
[Date "2016.12.17"]
[Round "3.32"]
[White "Anton Guijarro, David"]
[Black "Varvadoukas, Theodoros"]
[Result "1-0"]
[WhiteTitle "GM"]
[WhiteElo "2650"]
[BlackElo "2178"]
[WhiteFideId "2285525"]
[BlackFideId "4210735"]
[EventDate "2016.12.17"]

1. d4 Nf6 2. c4 c5 3. d5 b5 4. cxb5 a6 5. bxa6 g6 6. Nc3 Bxa6 7. e4 Bxf1 8. Kxf1
d6 9. Nf3 Bg7 10. g3 Nbd7 11. Kg2 O-O 12. a4 Ra6 13. Qe2 Qa8 14. Re1 e6 15. dxe6
fxe6 16. Nb5 Qb7 17. Bf4 d5 18. exd5 exd5 19. Nd6 Qc6 20. Qe6+ Kh8 21. Nf7+ Rxf7
22. Qxf7 Ne4 23. Ne5 Bxe5 24. Bxe5+ Nef6 25. Bxf6+ Nxf6 26. Re7 1-0

[Event "European Blitz 2016"]
[Site "Tallinn EST"]
[Date "2016.12.17"]
[Round "4.1"]
[White "Mamedov, Rauf"]
[Black "Remmel, Anto"]
[Result "1-0"]
[WhiteTitle "GM"]
[WhiteElo "2688"]
[BlackElo "2243"]
[WhiteFideId "13401653"]
[BlackFideId "4500415"]
[EventDate "2016.12.17"]

1. e4 e5 2. Nf3 Nc6 3. Bc4 Bc5 4. c3 Nf6 5. d3 d6 6. a4 a5 7. Bg5 h6 8. Bh4 O-O
9. O-O Qe7 10. Nbd2 Be6 11. Re1 Kh7 12. Qc2 Rg8 13. d4 exd4 14. e5+ 1-0

[Event "European Blitz 2016"]
[Site "Tallinn EST"]
[Date "2016.12.17"]
[Round "4.2"]
[White "Sivan, Yaacov"]
[Black "Navara, David"]
[Result "0-1"]
[WhiteTitle "IM"]
[BlackTitle "GM"]
[WhiteElo "2370"]
[BlackElo "2725"]
[WhiteFideId "2800730"]
[BlackFideId "309095"]
[EventDate "2016.12.17"]

1. e4 c6 2. d4 d5 3. exd5 cxd5 4. c4 Nf6 5. Nc3 Nc6 6. Nf3 Be6 7. c5 g6 8. h3
Bg7 9. Be2 O-O 10. O-O Ne4 11. Bb5 Qc7 12. Be3 Nxc3 13. bxc3 b6 14. cxb6 axb6
15. a4 Na5 16. Rc1 Nc4 17. Nd2 Nxe3 18. fxe3 Bh6 19. Qe2 Bd7 20. c4 Bxb5 21.
axb5 Ra3 22. Rf3 e5 23. c5 exd4 24. exd4 Rxf3 25. gxf3 Qg3+ 26. Kf1 Qxh3+ 27.
Kg1 Qg3+ 28. Kf1 Bxd2 29. Qxd2 Qxf3+ 30. Kg1 Re8 31. Rf1 Qg4+ 32. Kf2 Re4 0-1

[Event "European Blitz 2016"]
[Site "Tallinn EST"]
[Date "2016.12.17"]
[Round "4.3"]
[White "Ponomariov, Ruslan"]
[Black "Kavalenia, Leonid"]
[Result "1/2-1/2"]
[WhiteTitle "GM"]
[WhiteElo "2709"]
[BlackElo "2280"]
[WhiteFideId "14103320"]
[BlackFideId "4144732"]
[EventDate "2016.12.17"]

1. e4 e6 2. d4 d5 3. Nd2 Nf6 4. e5 Nfd7 5. Bd3 c5 6. c3 b6 7. Ne2 Ba6 8. Bxa6
Nxa6 9. O-O b5 10. Nf4 Qb6 11. Nf3 h6 12. Be3 c4 13. b3 Nc7 14. a4 a6 15. axb5
axb5 16. Rxa8+ Nxa8 17. bxc4 bxc4 18. Qa4 Nc7 19. Ra1 Be7 20. g3 Qb5 21. Qc2 O-O
22. h4 Ra8 23. Rb1 Qa5 24. Ne2 Nb5 25. Qd2 Bf8 26. Kg2 Qa4 27. h5 Na3 28. Rb2
Rb8 29. Rxb8 Nxb8 30. Qb2 Qb3 31. Qa1 Nc6 32. Nh2 Na5 33. Ng4 Qc2 34. Qe1 Nb3 1/2-1/2

[Event "European Blitz 2016"]
[Site "Tallinn EST"]
[Date "2016.12.17"]
[Round "4.4"]
[White "Muter, Donny"]
[Black "Bortnyk, Olexandr"]
[Result "0-1"]
[BlackTitle "GM"]
[WhiteElo "2206"]
[BlackElo "2581"]
[WhiteFideId "409170"]
[BlackFideId "14120828"]
[EventDate "2016.12.17"]

1. d4 d6 2. Nf3 Nf6 3. Bg5 Nbd7 4. Nbd2 c6 5. a4 g6 6. e4 Bg7 7. Bd3 O-O 8. c3
Qc7 9. O-O a5 10. Re1 e5 11. dxe5 dxe5 12. Nc4 Nc5 13. Bc2 Re8 14. Qd6 Qxd6 15.
Nxd6 Re7 16. Nxc8 Rxc8 17. Rad1 b5 18. Rd6 Re6 19. Red1 Nfxe4 20. Rd8+ Re8 21.
Rxe8+ Rxe8 22. Be3 bxa4 23. Ne1 Bf8 24. Ra1 Rb8 25. Bxe4 Nxe4 26. Nd3 a3 27.
bxa3 f6 28. c4 Rb3 29. Nc1 Rxa3 30. Rb1 Bc5 0-1

[Event "European Blitz 2016"]
[Site "Tallinn EST"]
[Date "2016.12.17"]
[Round "4.5"]
[White "Onischuk, Vladimir"]
[Black "Kalinin, Michail Borisovich"]
[Result "1-0"]
[WhiteTitle "GM"]
[WhiteElo "2601"]
[BlackElo "2380"]
[WhiteFideId "14114038"]
[BlackFideId "4144104"]
[EventDate "2016.12.17"]

1. e4 e6 2. d4 d5 3. Bd3 Nf6 4. Nc3 a6 5. Nf3 c5 6. dxc5 Bxc5 7. O-O b5 8. exd5
Nxd5 9. Be4 Bb7 10. Nxd5 exd5 11. Bd3 O-O 12. Bxh7+ Kxh7 13. Ng5+ Kg6 14. Qd3+
f5 15. Ne6 Qd6 16. Re1 Nd7 17. Bf4 Bxf2+ 18. Kxf2 Qb6+ 19. Kf1 Nf6 20. Qg3+ Ng4
21. h3 1-0

[Event "European Blitz 2016"]
[Site "Tallinn EST"]
[Date "2016.12.17"]
[Round "4.6"]
[White "Sysolyatin, Evgeny"]
[Black "Andriasian, Zaven"]
[Result "0-1"]
[WhiteTitle "FM"]
[BlackTitle "GM"]
[WhiteElo "2289"]
[BlackElo "2621"]
[WhiteFideId "4154916"]
[BlackFideId "13302000"]
[EventDate "2016.12.17"]

1. e4 c5 2. Nf3 d6 3. d4 cxd4 4. Nxd4 Nf6 5. Nc3 a6 6. Bg5 e6 7. Qe2 Be7 8.
O-O-O Qc7 9. f4 Nbd7 10. g4 h6 11. Bxf6 Bxf6 12. Bg2 g5 13. Ndb5 axb5 14. Nxb5
Qc5 15. Nxd6+ Kf8 16. e5 Be7 17. Nxc8 Qxc8 18. Qb5 Nc5 19. f5 exf5 20. gxf5 Qxf5
21. Rhf1 Qg6 22. Rf6 Bxf6 23. exf6 Qxf6 24. Qxc5+ Kg8 25. Rf1 Qg6 26. Bd5 Rh7
27. Bxb7 Re8 28. Bd5 g4 29. a4 h5 30. a5 h4 31. Qc4 Rd8 32. a6 Qg5+ 33. Kb1 Qxd5
34. Qxg4+ Rg7 35. Qxh4 Ra8 36. Qa4 Qe6 37. a7 Qe7 0-1

[Event "European Blitz 2016"]
[Site "Tallinn EST"]
[Date "2016.12.17"]
[Round "4.7"]
[White "Andreikin, Dmitry"]
[Black "Vorobjov, Pavel"]
[Result "1-0"]
[WhiteTitle "GM"]
[WhiteElo "2737"]
[BlackElo "2223"]
[WhiteFideId "4158814"]
[BlackFideId "4500989"]
[EventDate "2016.12.17"]

1. d4 Nf6 2. c4 e6 3. Nf3 d5 4. g3 Be7 5. Bg2 O-O 6. Nc3 a6 7. O-O dxc4 8. Ne5
c5 9. dxc5 Bxc5 10. Nxc4 Qe7 11. Na4 Rd8 12. Qb3 Nbd7 13. Nxc5 Nxc5 14. Qa3 Nfd7
15. b4 1-0

[Event "European Blitz 2016"]
[Site "Tallinn EST"]
[Date "2016.12.17"]
[Round "4.8"]
[White "Mustaps, Matiss"]
[Black "Zhigalko, Sergei"]
[Result "1-0"]
[WhiteTitle "FM"]
[BlackTitle "GM"]
[WhiteElo "2302"]
[BlackElo "2671"]
[WhiteFideId "11602295"]
[BlackFideId "13502956"]
[EventDate "2016.12.17"]

1. e4 c5 2. Nf3 Nc6 3. d4 cxd4 4. Nxd4 Nf6 5. Nc3 e5 6. Ndb5 d6 7. Bg5 a6 8. Na3
b5 9. Nd5 Be7 10. Bxf6 Bxf6 11. c4 b4 12. Nc2 O-O 13. Be2 a5 14. b3 Bg5 15. O-O
Be6 16. Bg4 Kh8 17. g3 Bh6 18. Nde3 g6 19. Qd3 Bxe3 20. Nxe3 Nd4 21. Be2 f5 22.
exf5 Bxf5 23. Nxf5 Rxf5 24. Bg4 Rf6 25. Bh3 Qb6 26. Rac1 Qc5 27. Bg2 Raf8 28.
Qe3 Kg7 29. Rcd1 a4 30. bxa4 Qxc4 31. h3 Qxa2 32. Ra1 Qf7 33. Rab1 b3 34. a5 Qc4
35. Kh2 Qa6 36. Qd2 Rc8 37. Rbc1 Rc2 38. Rxc2 bxc2 39. f4 Qe2 40. Qxe2 Nxe2 41.
a6 Rf7 1-0

[Event "European Blitz 2016"]
[Site "Tallinn EST"]
[Date "2016.12.17"]
[Round "4.10"]
[White "Sgircea, Silvia-Raluca"]
[Black "Vitiugov, Nikita"]
[Result "0-1"]
[WhiteTitle "WIM"]
[BlackTitle "GM"]
[WhiteElo "2276"]
[BlackElo "2726"]
[WhiteFideId "1213776"]
[BlackFideId "4152956"]
[EventDate "2016.12.17"]

1. Nf3 d5 2. d4 Nf6 3. g3 c6 4. Bg2 Bf5 5. O-O e6 6. c4 h6 7. b3 Nbd7 8. Bb2 Bb4
9. Nbd2 O-O 10. a3 Bd6 11. Re1 Bh7 12. Nh4 Ne4 13. Nxe4 dxe4 14. Bh1 Be7 15. Ng2
Bf6 16. Qd2 Qb6 17. Qe3 Rfe8 18. Nf4 e5 19. dxe5 Qxe3 20. fxe3 Nxe5 21. Bd4 b6
22. Rad1 Rad8 23. h3 Nd7 24. Kf2 Be7 25. b4 c5 26. bxc5 Nxc5 27. Bc3 Rc8 28. Nd5
Bf8 29. Rc1 Bf5 30. g4 Be6 31. Bb4 Bd7 32. Nc3 Bc6 33. Bxc5 Bxc5 34. a4 Re6 35.
a5 bxa5 36. Ra1 Bb4 37. Nd5 Bxe1+ 38. Kxe1 a4 0-1

[Event "European Blitz 2016"]
[Site "Tallinn EST"]
[Date "2016.12.17"]
[Round "4.11"]
[White "Riazantsev, Alexander"]
[Black "Solberg, Joachim"]
[Result "1/2-1/2"]
[WhiteTitle "GM"]
[BlackTitle "CM"]
[WhiteElo "2671"]
[BlackElo "2218"]
[WhiteFideId "4125029"]
[BlackFideId "1502930"]
[EventDate "2016.12.17"]

1. d4 Nf6 2. c4 e6 3. Nf3 d5 4. Nc3 Bb4 5. e3 O-O 6. Bd2 c5 7. cxd5 exd5 8. a3
Bxc3 9. Bxc3 Ne4 10. Rc1 Nxc3 11. Rxc3 c4 12. Be2 Nc6 13. O-O Bf5 14. Ne5 Rc8
15. g4 Be6 16. f4 f6 17. Nxc6 Rxc6 18. Bf3 Bf7 19. h4 Re8 20. g5 Qb6 21. Qd2 Qd8
22. Kh2 Be6 23. Rg1 Bf5 24. Rg3 Rce6 25. Bh5 g6 26. Bd1 Kh8 27. h5 fxg5 28. Rxg5
Qe7 29. Bf3 Rxe3 30. Rxe3 Qxe3 31. Qxe3 Rxe3 32. Bxd5 Re2+ 33. Kg1 Rxb2 34. Bxc4
Rd2 35. d5 Kg7 36. hxg6 hxg6 37. Rg3 Rd4 38. Bb3 Rxf4 39. Rc3 b5 40. Rc7+ Kf6
41. Rxa7 b4 42. Ra6+ Ke5 43. axb4 Rxb4 44. Ba2 Rd4 45. Kf2 Be4 46. Ra7 Bxd5 47.
Bxd5 Rxd5 48. Kg3 Kf5 49. Ra8 Kg5 50. Ra3 Rf5 51. Rb3 Re5 1/2-1/2

[Event "European Blitz 2016"]
[Site "Tallinn EST"]
[Date "2016.12.17"]
[Round "4.12"]
[White "Agafonov, Yuri"]
[Black "Matlakov, Maxim"]
[Result "0-1"]
[BlackTitle "GM"]
[WhiteElo "2134"]
[BlackElo "2694"]
[WhiteFideId "11602104"]
[BlackFideId "4168003"]
[EventDate "2016.12.17"]

1. d4 Nf6 2. c4 g6 3. f3 Nc6 4. Nc3 d5 5. cxd5 Nxd5 6. e4 Nxc3 7. bxc3 Bg7 8.
Be3 O-O 9. Bd3 b6 10. Ne2 Na5 11. O-O c5 12. Rc1 cxd4 13. cxd4 e6 14. Qd2 Bb7
15. Rc2 Rc8 16. Rfc1 Rxc2 17. Rxc2 Qd6 18. Qc3 Nc6 19. Bb5 Rc8 20. Qb2 a6 21.
Bxc6 Rxc6 22. Rxc6 Qxc6 23. Qc3 Qd7 24. Kf2 b5 25. g3 f5 26. exf5 exf5 27. Nf4
Bf6 28. Qb3+ Kh8 29. Qe6 Qxe6 30. Nxe6 Bd5 31. a3 Bxe6 0-1

[Event "European Blitz 2016"]
[Site "Tallinn EST"]
[Date "2016.12.17"]
[Round "4.13"]
[White "Kovalenko, Igor"]
[Black "Orndahl, Markus"]
[Result "1-0"]
[WhiteTitle "GM"]
[WhiteElo "2684"]
[BlackElo "2155"]
[WhiteFideId "14117908"]
[BlackFideId "1709135"]
[EventDate "2016.12.17"]

1. c4 c6 2. Nf3 Nf6 3. Nc3 d5 4. e3 a6 5. h3 g6 6. b4 Bg7 7. Bb2 O-O 8. d4 Bf5
9. Qb3 Ne4 10. a4 Nxc3 11. Bxc3 Re8 12. Be2 Be4 13. O-O Bxf3 14. Bxf3 e6 15. b5
Nd7 16. Rfc1 Nb6 17. bxc6 bxc6 18. Ba5 Rb8 19. cxd5 Nxd5 20. Bxd8 Rxb3 21. Ba5
c5 22. Rxc5 Nxe3 23. fxe3 Rxe3 24. Rd1 h5 25. Bc7 Ra3 26. a5 Ra2 27. Bc6 Rc8 28.
Bb7 Re8 29. Bxa6 e5 30. d5 e4 31. d6 Bf6 32. d7 1-0

[Event "European Blitz 2016"]
[Site "Tallinn EST"]
[Date "2016.12.17"]
[Round "4.14"]
[White "Chukavin, Kirill"]
[Black "Wojtaszek, Radoslaw"]
[Result "0-1"]
[BlackTitle "GM"]
[WhiteElo "2096"]
[BlackElo "2749"]
[WhiteFideId "4503023"]
[BlackFideId "1118358"]
[EventDate "2016.12.17"]

1. e4 e5 2. Nf3 Nc6 3. Nc3 Bc5 4. Nxe5 Bxf2+ 5. Kxf2 Nxe5 6. Be2 d6 7. Rf1 c5 8.
Kg1 Ne7 9. d4 cxd4 10. Qxd4 N7c6 11. Qd1 Be6 12. Nd5 Bxd5 13. exd5 Qb6+ 14. Kh1
Ne7 15. b3 O-O 16. Bf4 N7g6 17. Bg3 f5 18. c4 f4 19. Bf2 Qc7 20. Bd4 Rae8 21.
Qd2 b6 22. Rae1 Qe7 23. Bg4 Qh4 24. Be6+ Kh8 25. Bf2 Qg5 26. a4 Rf6 27. a5 Nh4
28. Bxh4 Qxh4 29. axb6 axb6 30. Ra1 Ref8 31. Qf2 Qh5 32. Ra7 f3 33. g3 h6 34.
Qxb6 f2 35. Qe3 Rf3 36. Qe2 Qg5 37. c5 Re3 38. Qc2 0-1

[Event "European Blitz 2016"]
[Site "Tallinn EST"]
[Date "2016.12.17"]
[Round "4.15"]
[White "Saric, Ivan"]
[Black "Rigopoulos-Tsigkos, Alexandros"]
[Result "1-0"]
[WhiteTitle "GM"]
[WhiteElo "2652"]
[BlackElo "2111"]
[WhiteFideId "14508150"]
[BlackFideId "4215109"]
[EventDate "2016.12.17"]

1. e4 c5 2. Nf3 e6 3. g3 b6 4. Bg2 Bb7 5. d4 cxd4 6. Nxd4 a6 7. O-O d6 8. Re1
Nd7 9. c4 Ngf6 10. Nc3 Qc7 11. b3 b5 12. Bb2 bxc4 13. Rc1 Qb8 14. Nd5 Ne5 15.
Nxf6+ gxf6 16. bxc4 Qc7 17. f4 Nd7 18. Ba3 Be7 19. Kh1 Nc5 20. Qh5 Qd7 21. f5 e5
22. Bxc5 dxc5 23. Ne6 Bc8 24. Rcd1 Qc6 25. Ng7+ Kf8 26. Qh6 Kg8 27. Nh5 Bf8 28.
Rd8 Bb7 29. Qg7# 1-0